| 000 | 01588nam a2200193 a 4500 | ||
|---|---|---|---|
| 008 | 161215t2009 ag |||g |||| 00| f spa d | ||
| 020 | _a9789500728591 | ||
| 041 | _aspa | ||
| 092 |
_c863 _l3 _sALL |
||
| 100 | 1 |
_aAllende, Isabel _93210 |
|
| 245 | 3 |
_aLa suma de los días / _cIsabel Allende |
|
| 250 | _a9a ed. | ||
| 260 |
_aBuenos Aires: _bSudamericana; _c2009. |
||
| 300 |
_a368 p. _c25x16 cm. |
||
| 500 | _aAllende, I. (2009). La suma de los días. (9a ed.). Buenos Aires : Sudamericana. | ||
| 505 | _aEn las páginas de este libro, Isabel Allende narra con franqueza la historia reciente de su vida y la de su peculiar familia en California, en una casa abierta, llena de gente y de personajes literarios, y protegida por un espíritu: hijas perdidas, nietos y libros nacen, éxitos y dolores, un viaje al mundo de las adicciones y otros a lugares remotos del mundo en busca de inspiración, junto a divorcios, encuentros, amores, separaciones, crisis de pareja y reconciliaciones. También es una historia de amor entre un hombre y una mujer maduros, que han salvado juntos muchos escollos sin perder ni la pasión ni el humor, y de una familia moderna, desgarrada por conflictos y unida, a pesar de todo, por el cariño y la decisión de salir adelante. Esta es la familia que descubrimos en Paula y que desciende de los personajes de la Casa de los Espíritus. Una obra al tiempo emotiva y escrita en el tono irónico y apasionado que caracteriza a la autora, en la que nos entrega la suma de los días como mujer y como escritora. | ||
| 655 |
_aNovela _93091 |
||
| 942 |
_2ddc _cLIT |
||
| 999 |
_c3309 _d3309 |
||